000 00183 a2200097 4500
020 _a9780008474362
041 _aeng
100 _aJeffre Archer
245 _aNext in Line
942 _cBK
999 _c30601
_d30599